Statistiques concernant A quelle ville se rapporte ses mots ?

Cliquez ici pour prendre le quiz!

Statistiques générales

  • Ce quiz a été pris 422 fois
  • Le résultat moyen est 14 sur 15

Statistiques - réponses

QuestionsRéponses% Correct
Tamise, Big ben, WestminsterLondres
99%
Vieux port, bouillabaisse, VélodromeMarseille
98%
Manhattan, Friends, BroadwayNew York
98%
Carnaval, corcovado, CopacabanaRio de Janeiro
98%
Sagrada familia, Catalogne, Camp nouBarcelone
97%
Opéra, Kangourou, Hugh JackmanSydney
97%
Mur, Capitale, Herta BSCBerlin
95%
Kremlin, place rouge, Théarte BolchoïMoscou
95%
Nil, Gizeh, SphinxLe caire
94%
Sénégal, Médina, Course Paris-...Dakar
93%
Névada, casino, Désert de MojaveLas Vegas
91%
Détroit du Bosphore, Mosquée bleue, ConstantinopleIstanbul
86%
Théatre Kabuki, Palais Impérial, ShibuyaTokyo
83%
Thaïlande, Very Bad Trip II, Temple de l'AuroreBangkok
77%
Lugdunum, Fourvière, canuts.Lyon
73%

Distribution des résultats

Percentile par nombre de réponses

% des personnes avec chaque résultat

Votre développement - résultats

Vous n’avez pas pris ce quiz